Dr. Amedkar on minorities / (Record no. 123196)

MARC details
000 -LEADER
fixed length control field 00712nam a22002297a 4500
005 - DATE AND TIME OF LATEST TRANSACTION
control field 20170124105921.0
010 ## - LIBRARY OF CONGRESS CONTROL NUMBER
LC control number B-226987
020 ## - INTERNATIONAL STANDARD BOOK NUMBER
International Standard Book Number 9798189072086
Terms of availability 300.00
035 ## - SYSTEM CONTROL NUMBER
System control number B-226987
037 ## - SOURCE OF ACQUISITION
Source of stock number/acquisition Cen Lib/Ret
040 ## - CATALOGING SOURCE
Original cataloging agency DPL
Language of cataloging EN
082 ## - DEWEY DECIMAL CLASSIFICATION NUMBER
Classification number 305.56
Item number SIN
100 ## - MAIN ENTRY--PERSONAL NAME
Personal name Singh, Shriprakash
9 (RLIN) 4687
245 ## - TITLE STATEMENT
Title Dr. Amedkar on minorities /
Statement of responsibility, etc by Shriprakash Singh
260 ## - PUBLICATION, DISTRIBUTION, ETC. (IMPRINT)
Place of publication, distribution, etc New Delhi
Name of publisher, distributor, etc India first foundation
Date of publication, distribution, etc 2005
270 ## - ADDRESS
Address G-3 Dhawandeep building 6, Jantar mantar road
City New Delhi
Postal code 110001
300 ## - PHYSICAL DESCRIPTION
Extent xx,168p.
Dimensions 24cm(Hb)
500 ## - GENERAL NOTE
General note Inculdes bibliography
650 ## - SUBJECT ADDED ENTRY--TOPICAL TERM
Topical term or geographic name as entry element Political science
9 (RLIN) 107729
650 ## - SUBJECT ADDED ENTRY--TOPICAL TERM
Topical term or geographic name as entry element Minorities-India
9 (RLIN) 4689
942 ## - ADDED ENTRY ELEMENTS (KOHA)
Source of classification or shelving scheme Dewey Decimal Classification
Koha item type English Books
Classification part 305.56
Call number suffix SIN
Holdings
Withdrawn status Lost status Damaged status Not for loan Home library Current library Date acquired Source of acquisition Cost, normal purchase price Total Checkouts Full call number Barcode Date last seen Copy number Cost, replacement price Price effective from Koha item type
        Central Library Central Library 04/06/2015 Cen Lib/Ret 300.00   305.56 SIN B-226987 04/06/2015 1 300.00 04/06/2015 English Books

© Delhi Public Library
Hit Counter
free hit counter